| 000 | 00648nam a2200241Ia 4500 | ||
|---|---|---|---|
| 003 | GCL | ||
| 008 | 140319s9999 xx 000 0 ara d | ||
| 040 |
_aGCL / _cGCL |
||
| 082 | 0 | 4 |
_a796.5422 _bل ا |
| 100 | 1 | _aلورد بادن باول | |
| 245 | 1 | 0 |
_aالوان من النشاط الكشفى / _cلورد بادن باول |
| 260 |
_a[S.N] : _bمكتبة المعارف |
||
| 300 | _a232 ص | ||
| 490 | _a | ||
| 650 | 0 | 4 | _aالرياضة |
| 650 | 0 | 4 | _aالتدخين |
| 650 | 0 | 4 | _aكرة القدم |
| 650 | 0 | 4 | _aالرسم |
| 650 | 0 | 4 | _aالطيران |
| 650 | 0 | 4 | _aالكشافة |
| 650 | 0 | 4 | _aالسباحة |
| 942 |
_2ddc _cBK |
||
| 999 |
_c53239 _d53239 |
||